Les valeurs des lettres au scrabble francophone - Statistiques

Statistiques générales
  • Ce quiz a été pris 264 fois
  • Le résultat moyen est 26 sur 27
Statistiques - réponses
Lettre Valeur % Correct
A 1
100%
B 3
100%
C 3
99%
E 1
98%
I 1
98%
L 1
98%
K 10
98%
D 2
98%
G 2
98%
F 4
98%
J 8
98%
N 1
97%
O 1
97%
R 1
97%
S 1
97%
T 1
97%
U 1
97%
W 10
97%
X 10
97%
Y 10
97%
Z 10
97%
M 2
97%
P 3
97%
H 4
97%
V 4
97%
Q 8
97%
? (joker) 0
96%
Aucun quiz correspondant
Distribution des résultats
% des personnes avec chaque résultat
Percentile par nombre de réponses
Votre historique - résultats
Vous n’avez pas pris ce quiz